Baterías avanzadas /

Guardado en:
Bibliografiske detaljer
Hovedforfatter: Lavela Cabello, Pedro (autor)
Andre forfattere: Tirado Coello, José Luis (autor) (autor)
Format: Bog
Sprog:spansk
Udgivet: Córdoba, España : Universidad de Córdoba, 1999, c1999
Fag:
Tags: Tilføj Tag
Ingen Tags, Vær først til at tagge denne postø!

MARC

LEADER 00000nam^a2200000^a^4500
001 000119866
005 20250521000000.0
009 20260310094330.564
020 |a 84-7801-506-X 
037 |a Acervo ITESO - Biblioteca 
041 |a ESP 
082 |a 621. 31242  |b LAV 
100 |a Lavela Cabello, Pedro  |e (autor) 
245 1 0 |a Baterías avanzadas /  |c P. Lavela Cabello, J.L. Tirado Coello. 
264 4 |a Córdoba, España :  |b Universidad de Córdoba,  |c 1999, c1999 
300 |a 331 p. 
336 |a texto  |b txt  |2 rdacontenido 
337 |a sin mediación  |b n  |2 rdamedio 
338 |a volumen  |b nc  |2 rdasoporte 
649 |a XX 
650 |a Baterías Eléctricas 
650 |a Electroquímica 
650 |a Electricidad -  |x Equipo y Aparatos 
650 |a Ingeniería Eléctrica 
700 |a Tirado Coello, José Luis  |e (autor) 
910 |a Fondo General 
920 |a Impresos - Libros 
930 |a Colección General 
905 |a 101 
901 |a 0500054692  |b IT1  |c ACC  |u 20250521 
902 |a https://opac.biblio.iteso.mx/vufind/Record/000119866